Informačné systémy marketingu

Salvato in:
Dettagli Bibliografici
Autore principale: Mariaš, Miroslav
Ente Autore: Ekonomická univerzita v Bratislave. Obchodná fakulta
Altri autori: Žák, Štefan, 1971-
Natura: Libro
Lingua:slovacco
Pubblicazione: Bratislava Vydavateľstvo EKONÓM 2005
Soggetti:
Tags: Aggiungi Tag
Nessun Tag, puoi essere il primo ad aggiungerne!!

MARC

LEADER 00000nam$a2200000$$$4500
001 0027130
005 20240502071427.8
020 |a 80-225-1966-9 
041 0 |a slo 
044 |a SK 
245 1 0 |a Informačné systémy marketingu  |c Miroslav Mariaš - Štefan Žák 
264 1 |a Bratislava  |b Vydavateľstvo EKONÓM  |c 2005 
300 |a 188 s. 
610 2 0 |a marketing 
610 2 0 |a systémy informačné 
610 2 0 |a technológie informačné 
610 2 0 |a modely 
610 2 0 |a rozhodovanie 
610 2 0 |a štatistika 
610 2 0 |a obchod 
610 2 0 |a maloobchod 
610 2 0 |a veľkoobchod 
610 2 0 |a internet 
610 2 0 |a podnikanie elektronické 
610 2 0 |a Slovensko 
100 1 |a Mariaš, Miroslav 
700 1 |a Žák, Štefan, 1971- 
710 2 |a Ekonomická univerzita v Bratislave. Obchodná fakulta